01166cam a2200289 i 45000010009000000050017000090080041000260100017000670200018000840200018001020200018001200410008001380420008001460820017001541000020001712450090001912600025002812640074003063000023003803360026004033370028004293380027004575040051004845200114005356500073006497760154007222270026720250404164258.0220718s2023 mau b 001 0 eng  a 2022015397 a9780262545037 z9780262373159 z9780262373166 aeng apcc00a658.4038 LAM1 aLambe, Patrick,10aPrinciples Of Knowledge Auditing: Foundations For Knowledge Management Implementation aUSAbMit Pressc2023 1aCambridge, Massachusetts ;aLondon, England :bThe MIT Press,c[2023] a410 pages ;c23 cm atextbtxt2rdacontent aunmediatedbn2rdamedia avolumebnc2rdacarrier aIncludes bibliographical references and index. a"An expert on the topic of knowledge managment argues how the process of KM implementation can be improved"-- 0aKnowledge Management; Organizational Learning; Organizational Change08iOnline version:aLambe, Patrick.tPrinciples of knowledge auditingdCambridge, Massachusetts : The MIT Press, [2023]z9780262373159w(DLC) 2022015398